000 00623nam a22002177a 4500
003 UA-OsUOA
001 100621
007 ta
008 20130529b un ||||| |||| 00| 0 ukr d
090 _a821.161.1
_bЧ-84
942 _cBK
040 _aUA-OsUOA
_brus
_cUA-OsUOA
_dUA-OsUOA
245 _aЧудесное зерцало
_bстаринные восточные сказания и повести
300 _a512 с.
955 _a3
041 _arus
080 _a821.161.1
260 _aМ.
_bПравда
_c1988
650 7 _a82 Література. Літературознавство
_2UDC
999 _c386767
_d386767